• 首页
  • 本馆介绍
  • 公告通知
  • 最新文献
  • 馆藏检索
  • 电子资源
  • 读者导购
  • 参考咨询
  • 我的图书馆
  • 登录
  • 详细信息显示
  • 放入我的书架
  • 预约/预借图书
  • 作者相关作品
  • 分类相关作品
  • 丛书相关作品
  • 出版社相关作品

书目信息

  • 表格格式
  • 工作单格式
  • 卡片格式
题名:
养脾,女性年轻不老的根本
    
 
作者: 陈岩
分册:  
出版信息: 北京   人民军医出版社  2016.01
页数: 157页
开本: 20cm
丛书名:
单 册:
中图分类: R256.3
科图分类:
主题词: 中医内科 , 中医内科学
电子资源:
ISBN: 7-5091-8936-5
000 00629nam0 2200217 450
001 2964
005 20161207091503.14
010    @a7-5091-8936-5@dCNY26.00
100    @a20150811d2016 km y0chiy0120 ea
101 0  @achi
102    @aCN@b110000
200 1  @a养脾,女性年轻不老的根本@Ayang pi,nu xing nian qing bu lao de gen ben@f陈岩@Fchen yan
210    @a北京@c人民军医出版社@d2016.01
215    @a157页@d20cm
330    @a女性·健脾·基本知识
606 0  @a中医内科
606 0  @a中医内科学
690    @aR256.3@v4
701  0 @a陈岩@Achen yan
801  0 @aCN@b大连网信软件有限公司图书馆·11@c20161207
905    @aZUCC@dR256.3@e370
    
    养脾,女性年轻不老的根本/陈岩.-北京:人民军医出版社,2016.01
    157页;20cm
    
    
    ISBN 7-5091-8936-5:CNY26.00
    女性·健脾·基本知识
●
相关链接 在E读中查询图书 在五车中查询图书 在当当中查询图书 在豆瓣中查询图书


正题名:养脾,女性年轻不老的根本     索取号:R256.3/370         预约/预借

序号 登录号 条形码 馆藏地/架位号 状态 备注
1 912299   209122992   第二样本阅览室/ [索取号:R256.3/370] 在馆    
2 912300   209123009   密集书库-生命科学系/ [索取号:R256.3/370] 在馆    
3 912301   209123018   第三借阅区/ [索取号:R256.3/370] 在馆    
4 912302   209123027   第三借阅区/ [索取号:R256.3/370] 在馆    
唐山师范学院图书馆 欢迎您!
大连网信软件有限公司© 版权所有